000 00340nam a2200145Ia 4500
008 150201s2011 xx 000 0 und d
082 _a610.7367
_bL11C
100 _aCHINTAMANI
245 _aLEWIS'S MEDICAL SURGICAL NURSING
250 _a1ST
260 _bELSEVIER
_aINDIA
_c2011
300 _a1833
650 _aSURGERY
942 _2ddc
_cBK
999 _c1971
_d1971